Marks' Standard Handbook for Mechanical Engineers / (Record no. 2474)
[ view plain ]
| 000 -LEADER | |
|---|---|
| fixed length control field | 01332nac a22002891u 4500 |
| 090 ## - LOCALLY ASSIGNED LC-TYPE CALL NUMBER (OCLC); LOCAL CALL NUMBER (OCLC) | |
| -- | 2474 |
| 008 - FIXED-LENGTH DATA ELEMENTS--GENERAL INFORMATION | |
| fixed length control field | 090204t2007 xxu||||| |||| 00| 0 eng d |
| 020 ## - INTERNATIONAL STANDARD BOOK NUMBER | |
| International Standard Book Number | 0071428674 |
| 020 ## - INTERNATIONAL STANDARD BOOK NUMBER | |
| International Standard Book Number | 9780071428675 |
| 082 ## - DEWEY DECIMAL CLASSIFICATION NUMBER | |
| Classification number | 621 |
| Item number | MAR |
| 245 ## - TITLE STATEMENT | |
| Title | Marks' Standard Handbook for Mechanical Engineers / |
| Statement of responsibility, etc | Edited by Eugene A. Avallone, Theodore Baumeister III, Ali M. Sadegh |
| 246 ## - VARYING FORM OF TITLE | |
| Title proper/short title | Standard handbook for mechanical engineers |
| 250 ## - EDITION STATEMENT | |
| Edition statement | 11th ed. |
| 260 ## - PUBLICATION, DISTRIBUTION, ETC. (IMPRINT) | |
| Place of publication, distribution, etc | New York : |
| Name of publisher, distributor, etc | McGraw-Hill , |
| Date of publication, distribution, etc | c2007. |
| 300 ## - PHYSICAL DESCRIPTION | |
| Extent | 1 v. (various pagings) : |
| Other physical details | ill. ; |
| Dimensions | 27 cm. |
| 500 ## - GENERAL NOTE | |
| General note | Previous ed.: / Eugene A. Avallone, Theodore Baumeister III. 1996. |
| 500 ## - GENERAL NOTE | |
| General note | "90th anniversary edition."--Cover |
| 504 ## - BIBLIOGRAPHY, ETC. NOTE | |
| Bibliography, etc | Includes bibliographical references and index. |
| 650 ## - SUBJECT ADDED ENTRY--TOPICAL TERM | |
| Topical term or geographic name as entry element | Mechanical engineering |
| Form subdivision | Handbooks, manuals, etc. |
| 700 ## - ADDED ENTRY--PERSONAL NAME | |
| Personal name | Avallone, Eugene A. |
| 700 ## - ADDED ENTRY--PERSONAL NAME | |
| Personal name | Baumeister, Theodore, |
| Dates associated with a name | 1926- |
| 700 ## - ADDED ENTRY--PERSONAL NAME | |
| Personal name | Sadegh, Ali M. |
| 700 ## - ADDED ENTRY--PERSONAL NAME | |
| Personal name | Marks, Lionel S. |
| Dates associated with a name | 1871- |
| Fuller form of name | (Lionel Simeon), |
| 942 ## - ADDED ENTRY ELEMENTS (KOHA) | |
| Item type | Reference (NB) |
| Call number prefix | 621 |
| Source of classification or shelving scheme | Dewey Decimal Classification |
| Withdrawn status | Item status | Source of classification or shelving scheme | Damaged status | Not for loan | Vendor | Home library | Current library | Shelving location | Date acquired | Source of acquisition | Cost, normal purchase price | Total Checkouts | Full call number | Barcode | Date last seen | Cost, replacement price | Koha item type | Serial Enumeration / chronology |
|---|---|---|---|---|---|---|---|---|---|---|---|---|---|---|---|---|---|---|
| Dewey Decimal Classification | unknown | Central Library | Central Library | Ground Floor | 21/02/2007 | 1280.00 | 621 MAR | 000001719 | 15/07/2025 | 1600.00 | Reference (NB) | |||||||
| Dewey Decimal Classification | Alahram | Central Library | Central Library | Ground Floor | 04/02/2009 | 1280.00 | 621 MAR | 000014676 | 15/07/2025 | 1600.00 | Reference (NB) | 6477 |